| 000 | 00871nam a22002057a 4500 | ||
|---|---|---|---|
| 005 | 20211126093637.0 | ||
| 008 | 211109b mx ||||| |||| 00| 0 spa d | ||
| 020 | _a9786077876472 | ||
| 050 | 0 | 4 |
_aHV6535.M62 _bO29 2017 |
| 245 | 0 | 0 |
_aCuando el Estado aplasta _b: informe de la Comisión de la Verdad sobre los crímenes de lesa humanidad contra el pueblo oaxaqueño en 2006 y 2007 (versión popular) _c / edición y selección Diego Enrique Osorno |
| 250 | _a1a ed. | ||
| 260 |
_aCiudad de México : _bEdiciones Proceso, _c2017 |
||
| 300 |
_a324 p. ; _c23 cm. |
||
| 650 | 7 |
_2lemb _aAsesinato masivo _zOaxaca (México) |
|
| 650 | 7 |
_2lemb _aAsesinatos en serie _zOaxaca (México) |
|
| 650 | 7 |
_2lemb _aCorrupción política _zOaxaca (México) |
|
| 651 | 0 |
_aOaxaca (México) _xPolítica y gobierno _ySiglo XXI |
|
| 700 | 1 |
_aOsorno, Diego Enrique _eeditor |
|
| 942 |
_2lcc _cLIB |
||
| 999 |
_c158740 _d158738 |
||